01413nam a22002534c 4500003000900000008004100009020001800050040003100068041001900099080001000118100002100128245006200149250002200211264004900233300004200282336002700324337003300351338002800384520067400412521002501086650002401111650001101135653001301146AR-BaSMT260506b2026 aga|||br|||| 001 1beng | a9789878015255 aBSGBbespañolcBSGBerda aspahespañol a82-341 aGaleano, Eduardo aPuro futbol : bhistorias del juego más lindo del mundo aPrimera edición aBuenos aires : bSiglo XXI Editores , c202 a112 páginas ; bilustraciones color 2rdacontentatextobtxt 2rdamediaasin mediaciónbn 2rdacarrieravolumenbnc aEl fútbol nació hace más de cinco mil años y en cada país desarrolló sus propias reglas. Lo jugaron los chinos, los egipcios, los romanos y los británicos; los aztecas y otros habitantes de la América precolombina. Con el tiempo se fue perfeccionando: la pelota evolucionó, cambiaron las reglas y la cantidad de jugadores. Lo que nunca cambió es la pasión de multitudes por el juego más lindo del mundo. GALEANO quiso ser futbolista. Pero como solo jugaba bien en el mundo de los sueños, prefirió dedicarse a contar el fanatismo d los hinchs, a genialidades de los grandes jugadores y las historias de los partidos que conmovieron al mundo. aA partir de 9 años 7aLITERATURA INFANTIL 7aCUENTO aFútbol